Score 0/18 Timer 03:00
2 Plays Today
Title Missing Word % Correct
Three _____ MiceBlind
97%
Goldilocks and the Three _____Bears
96.7%
Three Men and a ____Baby
90.4%
Three Billy _____ GruffGoats
83.1%
¡Three ______!Amigos
82.5%
The Three _______Stooges
81.1%
Three Little ____Pigs
77.7%
Three Times a ____Lady
74.7%
The Three ______Tenors
69.4%
Title Missing Word % Correct
The Three __________Musketeers
67.3%
_____ Three TimesKnock
58.9%
Three Men in a ____Boat
44%
Three _____ To HeavenSteps
40.2%
Three _____Kings
33.1%
The ____ Three DaysNext
25.7%
Three _______: BlueColours
16%
Three to _____Tango
14.9%
The _______ of the ThreeDrawing
6.4%

Today's Daily Dose

Remove Ads.
Support Sporcle.
Get the best of Sporcle when you Go Orange. This ad-free experience offers more features, more stats, and more fun while also helping to support Sporcle. Thank you for becoming a member.

You're not logged in!

Compare scores with friends on all Sporcle quizzes.
OR
Log In

Show Comments

Extras

Top Quizzes Today


Score Distribution

Your Account Isn't Verified!

In order to create a playlist on Sporcle, you need to verify the email address you used during registration. Go to your Sporcle Settings to finish the process.

Report this User

Report this user for behavior that violates our Community Guidelines.

Details: